000
00313nam a2200121 a 4500
005
20141022141959.0
008
120306s19uu xx 00 eng d
050
_a
CD
_b
B35 2002
100
_a
Beck, Patrick
245
_a
The lightwave 6.5 /7.0 project handbook /
_c
Patrick Beck.
260
_c
2002.
942
_c
AVM
999
_c
276150
_d
276150